Public service responsiveness to users' demands and needs: theory, practice and primary health care in England (Record no. 54013)

000 -LEADER
fixed length control field 00460pab a2200157 454500
008 - FIXED-LENGTH DATA ELEMENTS--GENERAL INFORMATION
fixed length control field 180718b2002 xxu||||| |||| 00| 0 eng d
100 ## - MAIN ENTRY--PERSONAL NAME
Personal name Sheaff, Rod
245 ## - TITLE STATEMENT
Title Public service responsiveness to users' demands and needs: theory, practice and primary health care in England
260 ## - PUBLICATION, DISTRIBUTION, ETC.
Date of publication, distribution, etc. 2002
300 ## - PHYSICAL DESCRIPTION
Extent p.435-52.
650 ## - SUBJECT ADDED ENTRY--TOPICAL TERM
Topical term or geographic name entry element Health services
700 ## - ADDED ENTRY--PERSONAL NAME
Personal name smith, Keri
700 ## - ADDED ENTRY--PERSONAL NAME
Personal name Pickard, Susan
773 ## - HOST ITEM ENTRY
Main entry heading Public Administration
909 ## -
-- 54013
Holdings
Withdrawn status Lost status Damaged status Not for loan Permanent Location Current Location Date acquired Serial Enumeration / chronology Barcode Date last seen Price effective from Koha item type
        Indian Institute of Public Administration Indian Institute of Public Administration 2018-07-19 Volume no: 80, Issue no: 3 AR54458 2018-07-19 2018-07-19 Articles

Powered by Koha